|
|
|
|
| LEADER |
00986nas a2200265 u 4500 |
| 001 |
10028324 |
| 003 |
upatras |
| 005 |
20210117195644.0 |
| 008 |
970218s1971 uk z p eng |
| 952 |
|
|
|0 0
|1 0
|4 0
|7 0
|9 21868
|a LISP
|b LISP
|c SER
|d 2016-04-24
|i 1781
|l 0
|r 2016-04-24 00:00:00
|t 1
|w 2016-04-24
|y JNL
|
| 999 |
|
|
|c 13218
|d 13218
|
| 022 |
|
|
|a 0038-0644
|
| 040 |
|
|
|a GR-PaULI
|c GR-PaULI
|
| 041 |
0 |
|
|a eng
|
| 082 |
0 |
4 |
|a 005.1
|
| 222 |
|
0 |
|a Software, practice & experience
|b [Περιοδικό]
|
| 245 |
1 |
0 |
|a Software, practice & experience
|h [Περιοδικό]
|
| 246 |
1 |
3 |
|a Software, practice and experience Software
|
| 260 |
|
|
|a Chichester Eng [etc.]
|b Wiley Interscience
|
| 310 |
|
|
|a Αλλη
|
| 362 |
0 |
|
|a 27(1997) - 32(2002)
|
| 500 |
|
|
|a Από 2003 σε ηλεκτρονική μορφή
|
| 852 |
|
|
|a GR-PaULI
|b ΠΑΤΡΑ
|b ΒΚΠ
|b δ1
|k ΠΕΡ
|m 1781
|t 1
|3 Vol .29:No.11(1999:SEP)-Vol .32:No.15(2002:DEC)
|
| 866 |
|
|
|a Vol .29:No.11(1999:SEP)-Vol .32:No.15(2002:DEC)
|
| 942 |
|
|
|2 ddc
|s 1
|c JNL
|